Sociologie politique des relations internationales partie 1 - Statistiques

Statistiques générales
  • Ce quiz a été pris 64 fois
  • Le résultat moyen est 10 sur 57
Statistiques - réponses
Questions Réponses % Correct
23. Quel est le nom de l’organisation terroriste dirigée par Ben Laden ? Al-Qaida
65%
46. Dans quelle ville siège l’ONU ? New-York
65%
35. Quelle organisation est créé en 1920 ? La SDN/Société Ses Nations
57%
36. Quel pays n’y adhère pas ? Les États-Unis
57%
45. Les membres permanents du dernier organe possèdent un droit de veto
51%
42. Pour combien de temps le secrétaire général est-il élu ? 5 ans
45%
18. Qui a écrit l’ouvrage non terminé « De la Guerre » Clausewitz
45%
47. Citez un organe rattaché à l’ONU (donnez un sigle) PNUD/PNUE/UNICEF
45%
28. Quelle est le traité qui met fin à la guerre de 30 ans? Westphalie
45%
29. En quelle année est-il signé ? 1648
39%
55. Citez une institution/traité de libre-échange régional UE/ASEAN/MERCOSUR/CDAO
29%
24. En quelle année a été signé le premier traité de non-prolifération nucléaire 1968
27%
38. Quel article indique que l’ONU a pour mission de régler les conflits de manière pacifique? Article 2
25%
7. Joseph Nye théorise les concepts de hard power et soft power
25%
27. Quelle philosophe a écrit un livre sur le projet d’une paix perpétuelle? Kant
25%
12. Dans quelle région la guerre éclate-elle entre ukrainienne et milices pro-russes ? le Donbass
25%
52. Quand a eu lieu la réunion de Stockholm première réunion des pays sur l’environnement ? 1972
24%
2. Qui a inventé le concept de heartland qui privilégie une approche par la terre et non la mer ? Mackinder
24%
51. Où se trouve le siège de l’OMC créé en 1995 ? Genève
20%
6. Qui a écrit « La géographie ça sert d’abord à faire la guerre » Yves Lacoste
20%
39. En quelle année les casques bleus sont-ils créés ? 1948
18%
30. Combien de temps durent les négociations ? 5 ans
18%
41. Qui est l’actuel secrétaire général de l’ONU ? Guterres
18%
44. De combien de pays est composé cet organe ? 193
16%
43. Les pays membres du 2ème organe ont un rôle … consultatif
14%
37. A quelle date est créé l’ONU ? le 26 juin 1945
14%
53. Comment s’appellent les réunions qui ont lieu tous les 10 ans au sujet de l’écologie ? Les sommets de la terre
14%
15. Qui a écrit en parlant de l’équilibre de la terreur « guerre improbable, paix impossible » Raymond Aron
14%
56. Citez un autre acteur non étatique dans la gouvernance économique mondiales les FTN/groupes financiers/fonds d’investissement/ONG/groupes altermondialistes/fondations
12%
13. Dans quelle ville sont signés les 2 accords qui vont geler le conflit pendant un temps? Minsk
12%
8. Quelles sont les 2 auteurs ayant une vision du monde opposé suite à la chute du mur de Berlin Fukuyama et Huntington
10%
11. Une de ces 2 visions s’est largement inspiré des idées d’un président américain, lequel ? Wilson
10%
21. Citez une des particularité des nouvelles guerres Asymétrique/Pas de déclaration de guerre/ Moyens et armes qui évoluent/ guerres intraétatiques/ Elles sont hybrides
8%
1. Qui a inventé le terme de géopolitique ? Kjellen
8%
54. Quelle est l’autre organisation internationale née au début des années 2000 ? Les BRICS
8%
25. Citez une période de paix dans l’histoire Pax Romana/ paix des achéménides/ Paix chinoise/ la paix mongole/ la paix britannique/ la pax Americana
8%
26. En quelle année a lieu la paix d’Augsbourg? 1555
6%
50. Citez les 2 principales institutions lié à l’ONU qui aident financièrement les pays en difficulté FMI, banque mondiale
6%
A partir des travaux de quel auteur les termes de crime de guerre et crime contre l’humanité ont été défini ? Lemkin
6%
48. Quelle organisation nait en 1960 ? l’OCDE
6%
14. Sur quelle place de Kiev les Ukrainiens vont-ils manifester contre le président qui a refusé de signer des accords avec l’Europe ? Maidan
6%
49. Combien compte-elle de membre aujourd’hui ? 35
4%
4. Spykman est un géopoliticien américain qui a réfléchit sur la puissance américaine avec notamment la Doctrine Monroe
4%
33. Avant ce traité signé et négocier par des États modernes citez un auteur ayant déjà théorisé ce concept Hobbes/Bodin/Grosius
4%
34. Pour Kissinger on a assisté depuis la fin de la deuxième guerre mondiale à la … des relations internationales judiciarisation
4%
9. Citez les 2 auteurs ayant été conseiller d’un président américain Kissinger et Brezinski
4%
3. Haushofer est une figure de la géopolitique qui a théorisé Le Lebensraum
4%
31. La paix est d’abord … religieuse
4%
40. Citez les 3 organes principaux de l’ONU ? Conseil de sécurité, Assemblée générale, secrétariat général
2%
5. Quel géographe français participe à l’élaboration des traités de paix de 1919 ? Emmanuel De Martonne
2%
Citez un facteur d’instabilité Frustration des inégalités socio-économique/Épidémies/Risque de prolifération nucléaire
2%
10. Citez les deux courants de pensés de la géopolitique idéaliste et réaliste
2%
32. Quelle est la conséquence politique principale du traité ? Les provinces unies sont perdues par l’Espagne
2%
17. Citez les 2 théoriciennes modernes de la guerre : Machiavel et Hobbes
2%
20. Citez les 3 tendances qui alimentent la guerre selon cet auteur Passion, chance, Raison
2%
19. Complétez la citation la guerre est une continuation de la politique par d’autres moyens
2%
16. Citez les 4 formes de guerre : préventive, systémique, psychologique, Guérilla
0%
Aucun quiz correspondant
Distribution des résultats
% des personnes avec chaque résultat
Percentile par nombre de réponses
Votre historique - résultats
Vous n’avez pas pris ce quiz